<?xml version="1.0" encoding="UTF-8"?>
<record
    xmlns:xsi="http://www.w3.org/2001/XMLSchema-instance"
    xsi:schemaLocation="http://www.loc.gov/MARC21/slim http://www.loc.gov/standards/marcxml/schema/MARC21slim.xsd"
    xmlns="http://www.loc.gov/MARC21/slim">

  <leader>01740cam a2200313 i 4500</leader>
  <controlfield tag="003">SA-RiAUC</controlfield>
  <controlfield tag="005">20241222063020.0</controlfield>
  <controlfield tag="008">241218s1981    ua     g      000 0 ara c</controlfield>
  <datafield tag="040" ind1=" " ind2=" ">
    <subfield code="a">QA-DoQUL</subfield>
    <subfield code="b">ara</subfield>
    <subfield code="c">SA-RiAUC</subfield>
    <subfield code="e">rda</subfield>
  </datafield>
  <datafield tag="082" ind1="0" ind2=" ">
    <subfield code="a">218</subfield>
    <subfield code="b">21</subfield>
  </datafield>
  <datafield tag="090" ind1=" " ind2=" ">
    <subfield code="a">218</subfield>
    <subfield code="b">&#x627; &#x628; &#x648; &#x627;</subfield>
  </datafield>
  <datafield tag="100" ind1="1" ind2=" ">
    <subfield code="a">&#x623;&#x628;&#x648; &#x627;&#x644;&#x623;&#x635;&#x628;&#x63A;&#x60C; &#x639;&#x64A;&#x633;&#x649; &#x628;&#x646; &#x633;&#x647;&#x644; &#x628;&#x646; &#x639;&#x628;&#x62F; &#x627;&#x644;&#x644;&#x647;&#x60C;</subfield>
    <subfield code="d">413-486 &#x647;&#x62C;&#x631;&#x64A;</subfield>
    <subfield code="e">&#x645;&#x624;&#x644;&#x641;.</subfield>
  </datafield>
  <datafield tag="245" ind1="1" ind2="0">
    <subfield code="a">&#x62B;&#x644;&#x627;&#x62B; &#x648;&#x62B;&#x627;&#x626;&#x642; &#x641;&#x64A; &#x645;&#x62D;&#x627;&#x631;&#x628;&#x629; &#x627;&#x644;&#x623;&#x647;&#x648;&#x627;&#x621; &#x648;&#x627;&#x644;&#x628;&#x62F;&#x639; &#x641;&#x64A; &#x627;&#x644;&#x623;&#x646;&#x62F;&#x644;&#x633; &#x645;&#x633;&#x62A;&#x62E;&#x631;&#x62C;&#x629; &#x645;&#x646; &#x645;&#x62E;&#x637;&#x648;&#x637; &#x627;&#x644;&#x623;&#x62D;&#x643;&#x627;&#x645; &#x627;&#x644;&#x643;&#x628;&#x631;&#x649; /</subfield>
    <subfield code="c">&#x623;&#x628;&#x648; &#x627;&#x644;&#x623;&#x635;&#x628;&#x63A; &#x639;&#x64A;&#x633;&#x649; &#x628;&#x646; &#x633;&#x647;&#x644; &#x627;&#x644;&#x623;&#x646;&#x62F;&#x644;&#x633;&#x64A; &#x61B; &#x62F;&#x631;&#x627;&#x633;&#x629; &#x648;&#x62A;&#x62D;&#x642;&#x64A;&#x642; &#x645;&#x62D;&#x645;&#x62F; &#x639;&#x628;&#x62F; &#x627;&#x644;&#x648;&#x647;&#x627;&#x628; &#x62E;&#x644;&#x627;&#x641; &#x61B; &#x645;&#x631;&#x627;&#x62C;&#x639;&#x629; &#x648;&#x62A;&#x642;&#x62F;&#x64A;&#x645; &#x645;&#x62D;&#x645;&#x648;&#x62F; &#x639;&#x644;&#x64A; &#x645;&#x643;&#x64A;&#x60C; &#x645;&#x635;&#x637;&#x641;&#x649; &#x643;&#x627;&#x645;&#x644; &#x625;&#x633;&#x645;&#x627;&#x639;&#x64A;&#x644;.</subfield>
  </datafield>
  <datafield tag="246" ind1="3" ind2=" ">
    <subfield code="a">3 &#x648;&#x62B;&#x627;&#x626;&#x642; &#x641;&#x64A; &#x645;&#x62D;&#x627;&#x631;&#x628;&#x629; &#x627;&#x644;&#x623;&#x647;&#x648;&#x627;&#x621; &#x648;&#x627;&#x644;&#x628;&#x62F;&#x639; &#x641;&#x64A; &#x627;&#x644;&#x623;&#x646;&#x62F;&#x644;&#x633; &#x645;&#x633;&#x62A;&#x62E;&#x631;&#x62C;&#x629; &#x645;&#x646; &#x645;&#x62E;&#x637;&#x648;&#x637; &#x627;&#x644;&#x623;&#x62D;&#x643;&#x627;&#x645; &#x627;&#x644;&#x643;&#x628;&#x631;&#x649;</subfield>
  </datafield>
  <datafield tag="264" ind1=" " ind2="1">
    <subfield code="a">&#x627;&#x644;&#x642;&#x627;&#x647;&#x631;&#x629; :</subfield>
    <subfield code="b">&#x627;&#x644;&#x645;&#x631;&#x643;&#x632; &#x627;&#x644;&#x639;&#x631;&#x628;&#x64A; &#x644;&#x644;&#x62F;&#x648;&#x644; &#x627;&#x644;&#x625;&#x639;&#x644;&#x627;&#x645;&#x64A;&#x60C;</subfield>
    <subfield code="c">1981</subfield>
  </datafield>
  <datafield tag="300" ind1=" " ind2=" ">
    <subfield code="a">167 &#x635;&#x641;&#x62D;&#x629; &#x61B;</subfield>
    <subfield code="c">24 &#x633;&#x645;</subfield>
  </datafield>
  <datafield tag="336" ind1=" " ind2=" ">
    <subfield code="a">&#x646;&#x635;</subfield>
    <subfield code="b">txt</subfield>
    <subfield code="2">rdacontent</subfield>
    <subfield code="3">&#x643;&#x62A;&#x627;&#x628;</subfield>
  </datafield>
  <datafield tag="337" ind1=" " ind2=" ">
    <subfield code="a">&#x628;&#x62F;&#x648;&#x646; &#x648;&#x633;&#x64A;&#x637;</subfield>
    <subfield code="b">n</subfield>
    <subfield code="2">rdamedia</subfield>
  </datafield>
  <datafield tag="338" ind1=" " ind2=" ">
    <subfield code="a">&#x645;&#x62C;&#x644;&#x62F;</subfield>
    <subfield code="b">nc</subfield>
    <subfield code="2">rdacarrier</subfield>
  </datafield>
  <datafield tag="650" ind1=" " ind2="7">
    <subfield code="a">&#x627;&#x644;&#x628;&#x62F;&#x639; &#x641;&#x64A; &#x627;&#x644;&#x625;&#x633;&#x644;&#x627;&#x645;</subfield>
    <subfield code="2">aucsh</subfield>
  </datafield>
  <datafield tag="650" ind1=" " ind2="7">
    <subfield code="a">&#x627;&#x644;&#x646;&#x648;&#x627;&#x632;&#x644; (&#x623;&#x635;&#x648;&#x644; &#x641;&#x642;&#x647;)</subfield>
    <subfield code="2">aucsh</subfield>
  </datafield>
  <datafield tag="700" ind1="1" ind2=" ">
    <subfield code="a">&#x62E;&#x644;&#x627;&#x641;&#x60C; &#x645;&#x62D;&#x645;&#x62F; &#x639;&#x628;&#x62F; &#x627;&#x644;&#x648;&#x647;&#x627;&#x628;</subfield>
    <subfield code="e">&#x645;&#x62D;&#x642;&#x642;.</subfield>
  </datafield>
  <datafield tag="700" ind1="1" ind2=" ">
    <subfield code="a">&#x625;&#x633;&#x645;&#x627;&#x639;&#x64A;&#x644;&#x60C; &#x645;&#x635;&#x637;&#x641;&#x649; &#x643;&#x627;&#x645;&#x644;</subfield>
    <subfield code="e">&#x645;&#x631;&#x627;&#x62C;&#x639;.</subfield>
  </datafield>
  <datafield tag="700" ind1="1" ind2=" ">
    <subfield code="a">&#x645;&#x643;&#x64A;&#x60C; &#x645;&#x62D;&#x645;&#x648;&#x62F; &#x639;&#x644;&#x64A;&#x60C;</subfield>
    <subfield code="d">1929-2013</subfield>
    <subfield code="e">&#x645;&#x631;&#x627;&#x62C;&#x639;.</subfield>
  </datafield>
  <datafield tag="740" ind1="2" ind2="2">
    <subfield code="a">&#x62F;&#x64A;&#x648;&#x627;&#x646; &#x627;&#x644;&#x623;&#x62D;&#x643;&#x627;&#x645; &#x627;&#x644;&#x643;&#x628;&#x631;&#x649;&#x60C; &#x623;&#x648;&#x60C; &#x627;&#x644;&#x646;&#x648;&#x627;&#x632;&#x644; &#x648;&#x627;&#x644;&#x623;&#x639;&#x644;&#x627;&#x645; &#x644;&#x627;&#x628;&#x646; &#x633;&#x647;&#x644;.</subfield>
  </datafield>
  <datafield tag="740" ind1="2" ind2="2">
    <subfield code="a">&#x627;&#x644;&#x646;&#x648;&#x627;&#x632;&#x644; &#x648;&#x627;&#x644;&#x623;&#x639;&#x644;&#x627;&#x645; &#x644;&#x627;&#x628;&#x646; &#x633;&#x647;&#x644;.</subfield>
  </datafield>
  <datafield tag="942" ind1=" " ind2=" ">
    <subfield code="2">ddc</subfield>
    <subfield code="c">BOOK</subfield>
    <subfield code="n">0</subfield>
  </datafield>
  <datafield tag="949" ind1=" " ind2=" ">
    <subfield code="a">SA-JeALM</subfield>
    <subfield code="d">241218</subfield>
    <subfield code="u">osman123</subfield>
    <subfield code="n">1</subfield>
  </datafield>
  <datafield tag="952" ind1=" " ind2=" ">
    <subfield code="0">0</subfield>
    <subfield code="1">0</subfield>
    <subfield code="2">ddc</subfield>
    <subfield code="4">0</subfield>
    <subfield code="7">0</subfield>
    <subfield code="a">WAHAB</subfield>
    <subfield code="b">WAHAB</subfield>
    <subfield code="d">2024-12-22</subfield>
    <subfield code="l">0</subfield>
    <subfield code="o">218 &#x627; &#x628; &#x648; &#x627;</subfield>
    <subfield code="p">000005899</subfield>
    <subfield code="r">2024-12-22 06:31:04</subfield>
    <subfield code="w">2024-12-22</subfield>
    <subfield code="y">BOOK</subfield>
  </datafield>
  <datafield tag="999" ind1=" " ind2=" ">
    <subfield code="c">3750</subfield>
    <subfield code="d">3750</subfield>
  </datafield>
</record>
